Fake LEGO companies Logos by picture - Statistics

General Stats
  • This quiz has been taken 21 times
  • The average score is 4 of 8
Answer Stats
Picture Answer % Correct
Lepin
100%
Cobi
63%
CADA
42%
Blue Brixx
37%
GoBricks
32%
burgkidz
26%
Wange
26%
Zhegao
26%
No matching quizzes found
Score Distribution
Percent of People with Each Score
Percentile by Number Answered
Your Score History
You have not taken this quiz